Maggie Lindemann Albums and EPs Quiz - Statistics

General Stats
  • This quiz has been taken 17 times
  • The average score is 39 of 50
Answer Stats
% Correct
i feel everything
100%
split
100%
2022
92%
24
92%
fang
92%
intro / welcome in
92%
joyride
92%
let me burn
92%
Loner
92%
one of the ones
92%
spine
92%
take me nowhere
92%
casualty of your dreams
85%
GASLIGHT!
85%
girl next door
85%
Knife Under My Pillow
85%
self sabotage
85%
cages
77%
Crash and Burn
77%
die for
77%
Different
77%
evil
77%
fate
77%
hear me out
77%
heart drop
77%
i don't belong here
77%
It's Not Your Fault
77%
it's still you
77%
lost cause
77%
Love Songs
77%
mourning
77%
one last time
77%
rip my heart out
77%
Scissorhands
77%
she knows it
77%
suburbs
77%
break me!
69%
decode
69%
hostage
69%
how could you do this to me?
69%
taking over me
69%
we never even dated
69%
you hold my love
69%
you're not special
69%
i'm so lonely with you
62%
novocaine
62%
phases
62%
deprecating
54%
if it's not with you
54%
who are you when you're alone?
46%
No matching quizzes found
Score Distribution
Percent of People with Each Score
Percentile by Number Answered
Your Score History
You have not taken this quiz